Religious history of Arunachal Pradesh (Record no. 10797)

MARC details
000 -LEADER
fixed length control field 00500cam a2200193ua 4500
001 - CONTROL NUMBER
control field 12025
005 - DATE AND TIME OF LATEST TRANSACTION
control field 20260515114828.0
008 - FIXED-LENGTH DATA ELEMENTS--GENERAL INFORMATION
fixed length control field 200117n ii |||gr||||Z||||||eng
020 ## - INTERNATIONAL STANDARD BOOK NUMBER
International Standard Book Number 9788121210027
040 ## - CATALOGING SOURCE
Transcribing agency MAIN
082 ## - DEWEY DECIMAL CLASSIFICATION NUMBER
Classification number 200.954
100 ## - MAIN ENTRY--PERSONAL NAME
Personal name B.Tripathy,
Relator term Editor.
245 0# - TITLE STATEMENT
Title Religious history of Arunachal Pradesh
Statement of responsibility, etc. Edited by B.Tripathy
260 ## - PUBLICATION, DISTRIBUTION, ETC.
Place of publication, distribution, etc. New Delhi:
Name of publisher, distributor, etc. Gyan Publishing House,
Date of publication, distribution, etc. 2008.
300 ## - PHYSICAL DESCRIPTION
Extent 390p.
653 ## - INDEX TERM--UNCONTROLLED
Uncontrolled term Religion
700 ## - ADDED ENTRY--PERSONAL NAME
Personal name S.Dutta,
Relator term Editor.
942 ## - ADDED ENTRY ELEMENTS (KOHA)
Koha item type Books
Holdings
Withdrawn status Lost status Damaged status Not for loan Home library Current library Shelving location Date acquired Total checkouts Full call number Barcode Date last seen Copy number Price effective from Koha item type
        Naharkatiya College Library Naharkatiya College Library General stacks 09/19/2020   200.954Religion | REL 25259 09/19/2020 1 09/19/2020 Books